TOP 100 Mildfielders Since 2000 - Statistics

General Stats
  • This quiz has been taken 45 times
  • The average score is 39 of 100
Answer Stats
Hint Answer % Correct
2 Andres Iniesta
100%
4 Xavi
100%
5 Luka Modric
98%
8 Toni Kroos
93%
1 Zinedine Zidane
90%
9 Kevin De Bruyne
88%
18 Steven Gerrard
88%
17 Frank Lampard
85%
10 Sergio Busquets
85%
26 Bernardo Silva
83%
11 David Silva
83%
22 Ngolo Kante
83%
6 Andrea Pirlo
80%
16 Casemiro
78%
3 Ricardo Kaka
78%
12 Rodri
78%
15 Paul Pogba
75%
19 Paul Scholes
70%
13 Bastian Schweinsteiger
68%
41 David Beckham
68%
23 Xabi Alonso
68%
48 Bruno Fernandes
65%
20 Mesut Ozil
60%
58 | 69 Sami Khedira
55%
54 Blaise Matuidi
53%
40 Cesc Fabregas
53%
28 Gennaro Gattuso
53%
7 Clarence Seedorf
50%
25 Claude Makelele
50%
29 Ivan Rakitic
50%
34 Jordan Henderson
50%
24 Ryan Giggs
50%
32 Thiago Alcantara
50%
27 Wesley Sneijder
50%
74 Marco Verratti
48%
44 Michael Ballack
48%
14 Yaya Toure
48%
45 Isco
45%
46 Michael Essien
45%
86 Fabinho
43%
60 Fernandinho
43%
36 Jude Bellingham
43%
50 Daniele de Rossi
40%
61 Frenkie de Jong
40%
43 James Rodriguez
40%
47 Christian Eriksen
38%
70 Georginio Wijnaldum
38%
65 Pedri
38%
75 Claudio Marchisio
35%
31 Koke
35%
81 Michael Carrick
35%
56 Jorginho
33%
79 Nicolo Barella
33%
21 Pavel Nedved
33%
35 Arturo Vidal
30%
63 Guti
30%
64 Juan Mata
30%
55 Mario Gotze
30%
30 Phil Foden
28%
33 Deco
25%
88 Jamal Musiala
25%
42 Patrick Viera
25%
77 Mateo Kovacic
23%
98 Nemanja Matic
23%
59 Oscar
23%
51 Philippe Coutinho
23%
87 Moussa Dembele
20%
66 Thiago Motta
20%
52 Esteban Cambiasso
18%
37 Juninho
18%
78 Mark Van Bommel
18%
49 Miralem Pjanic
18%
39 Riquelme
18%
82 Santi Cazorla
18%
57 Dele Alli
15%
73 Hakan Calhanoglu
15%
71 Javier Pastore
15%
68 Rafael van der Vaart
15%
84 Ze Roberto
15%
97 Florian Wirtz
13%
80 Joao Moutinho
13%
90 Emerson
10%
89 Robert Pires
10%
92 Tim Cahill
10%
62 Dejan Stankovic
8%
91 Henrikh Mkhitaryan
8%
100 Luis Nani
8%
53 Radja Nainggolan
8%
94 Axel Witsel
5%
99 Lucho Gonzalez
5%
72 Marcos Senna
5%
93 Ashley Young
3%
95 Diego
3%
85 Julian Draxler
3%
38 Marek Hamsik
3%
67 Pablo Aimar
3%
76 Alvaro Recoba
0%
96 Danny
0%
83 Fredie Ljungbjerg
0%
No matching quizzes found
Score Distribution
Percent of People with Each Score
Percentile by Number Answered
Your Score History
You have not taken this quiz